| 000 | 00618nam a2200205Ia 4500 | ||
|---|---|---|---|
| 008 | 151119s9999||||xx |||||||||||||| ||und|| | ||
| 082 | _a294.534 | ||
| 082 | _bGKKV18570 | ||
| 100 | _aदेवळे श रा | ||
| 245 | _aश्री अष्टविनायक दर्शन | ||
| 260 | _a-- | ||
| 260 | _b-- | ||
| 260 | _c0 | ||
| 300 | _a200p. | ||
| 600 | _aदेवळे श रा | ||
| 630 | _aश्री अष्टविनायक दर्शन | ||
| 700 | _aदेवळे श रा | ||
| 730 | _aश्री अष्टविनायक दर्शन | ||
| 942 | _cBOOK | ||
| 999 |
_c1071620 _d1071617 |
||